<?xml version="1.0" encoding="UTF-8"?>
<record
    xmlns:xsi="http://www.w3.org/2001/XMLSchema-instance"
    xsi:schemaLocation="http://www.loc.gov/MARC21/slim http://www.loc.gov/standards/marcxml/schema/MARC21slim.xsd"
    xmlns="http://www.loc.gov/MARC21/slim">

  <leader>00706nam a22002057a 4500</leader>
  <controlfield tag="001">86279</controlfield>
  <controlfield tag="003">BD-RjUL</controlfield>
  <controlfield tag="005">20260331162010.0</controlfield>
  <controlfield tag="008">260331s1966    pk ||||| |||| 00| 0 urd d</controlfield>
  <datafield tag="035" ind1=" " ind2=" ">
    <subfield code="a">(BD-RjUL)86279</subfield>
  </datafield>
  <datafield tag="040" ind1=" " ind2=" ">
    <subfield code="a">BD-RjUL</subfield>
    <subfield code="b">eng</subfield>
    <subfield code="c">BD-RjUL</subfield>
  </datafield>
  <datafield tag="041" ind1=" " ind2=" ">
    <subfield code="a">urd</subfield>
  </datafield>
  <datafield tag="082" ind1=" " ind2=" ">
    <subfield code="2">23</subfield>
    <subfield code="a">801.95</subfield>
    <subfield code="b">RIM 1966</subfield>
  </datafield>
  <datafield tag="100" ind1=" " ind2=" ">
    <subfield code="a"> &#x631;&#x636;&#x648;&#x649;&#x60C; &#x633;&#x62C;&#x627;&#x62F; &#x628;&#x627;&#x642;&#x631;&#x60C;, ,  Ri&#x1E93;v&#x12B;., Sajj&#x101;d B&#x101;qir</subfield>
    <subfield code="d">1928-1992</subfield>
    <subfield code="9">17932</subfield>
  </datafield>
  <datafield tag="245" ind1="1" ind2="0">
    <subfield code="a">&#x645;&#x63A;&#x631;&#x628; &#x6A9;&#x6D2; &#x62A;&#x646;&#x642;&#x6CC;&#x62F;&#x6CC; &#x627;&#x635;&#x648;&#x644; / Mag&#x332;h&#x332;rib ke tanq&#x12B;d&#x12B; &#x16B;&#x1E63;&#x16B;l /</subfield>
    <subfield code="c">&#x633;&#x62C;&#x627;&#x62F; &#x628;&#x627;&#x642;&#x631; &#x631;&#x636;&#x648;&#x649;. / Sajj&#x101;d B&#x101;qar Ri&#x1E93;v&#x12B;., </subfield>
  </datafield>
  <datafield tag="260" ind1=" " ind2=" ">
    <subfield code="a">Lahore :</subfield>
    <subfield code="b">Kitabiat,</subfield>
    <subfield code="c">1966</subfield>
  </datafield>
  <datafield tag="300" ind1=" " ind2=" ">
    <subfield code="a">335 p. ;</subfield>
    <subfield code="c">22 cm</subfield>
  </datafield>
  <datafield tag="650" ind1=" " ind2=" ">
    <subfield code="a">Literary criticism</subfield>
    <subfield code="v">Western criticism /</subfield>
    <subfield code="9">17933</subfield>
  </datafield>
  <datafield tag="942" ind1=" " ind2=" ">
    <subfield code="2">ddc</subfield>
    <subfield code="c">BK</subfield>
  </datafield>
  <datafield tag="999" ind1=" " ind2=" ">
    <subfield code="c">86279</subfield>
    <subfield code="d">86279</subfield>
  </datafield>
  <datafield tag="952" ind1=" " ind2=" ">
    <subfield code="0">0</subfield>
    <subfield code="1">0</subfield>
    <subfield code="2">ddc</subfield>
    <subfield code="4">0</subfield>
    <subfield code="7">1</subfield>
    <subfield code="8">NFIC</subfield>
    <subfield code="a">RUCL</subfield>
    <subfield code="b">RUCL</subfield>
    <subfield code="c">Reading</subfield>
    <subfield code="d">1967-05-13</subfield>
    <subfield code="e">Sh. Mubarak ali</subfield>
    <subfield code="g">12.00</subfield>
    <subfield code="l">0</subfield>
    <subfield code="o">U 801.95 RIM 1966</subfield>
    <subfield code="r">2026-03-31 00:00:00</subfield>
    <subfield code="t">C-1</subfield>
    <subfield code="w">2026-03-31</subfield>
    <subfield code="y">BK</subfield>
  </datafield>
</record>
